Grill The Grid: A-Z Drivers with 100 Race Entries - Statistics

General Stats
  • This quiz has been taken 253 times
    199 since last reset
  • The average score is 12 of 20
Answer Stats
Hint Answer % Correct
H Lewis Hamilton | Nico Hulkenberg | Mika Hakkinen | Graham Hill | Damon Hill | Jonny Herbert | Nick Heidfeld | Denny Hulme
94%
A Fernando Alonso | Jean Alesi | Michele Alboreto | Rene Arnoux | Mario Andretti | Philippe Alliot
90%
V Max Verstappen | Jos Verstappen | Sebastian Vettel | Jacques Villeneuve
88%
B Valtteri Bottas | Jenson Button | Martin Brundle | Gerhard Berger | Rubens Barrichello | Jack Brabham | Thierry Boutsen | Jo Bonnier
88%
R Daniel Ricciardo | George Russell | Kimi Raikkonen | Nico Rosberg | Keke Rosberg | Clay Regazzoni | Carlos Reutemann
85%
S Carlos Sainz | Lance Stroll | Ayrton Senna | Adrian Sutil | Ralf Schumacher | Michael Schumacher | John Surtees | Jody Scheckter | Mika Salo
84%
P Sergio Perez | Riccardo Patrese | Nelson Piquet | Oliver Panis | Ronnie Peterson | Alain Prost
76%
M Kevin Magnussen | Felipe Massa | Nigel Mansell | Bruce McLaren | Pierluigi Martini | Jochen Mass
73%
L Charles Leclerc | Niki Lauda | Jacques Laffite
71%
O Esteban Ocon
66%
G Pierre Gasly | Romain Grosjean
64%
N Lando Norris
61%
C David Coulthard | Eddie Cheever
55%
F Giancarlo Fisichella | Heinz-Harald Frentzen | Emerson Fittipaldi
42%
W Mark Webber | Derek Warwick | John Watson
41%
K Heikki Kovalainen | Daniil Kvyat
38%
D Pedro de la Rosa | Andrea de Cesaris | Elio de Angelis
26%
T Jarno Trulli | Patrick Tambay
25%
J Jean-Pierre Jarier | Alan Jones
25%
I Eddie Irvine | Jacky Ickx
3%
No matching quizzes found
Score Distribution
Percent of People with Each Score
Percentile by Number Answered
Your Score History
You have not taken this quiz since the last reset